[Event "Aberto Brasil - II Niterói Chess Open "]
[Site "Salão de Convenções do Hot"]
[Date "2022.09.02"]
[Round "3.48"]
[White "De Siqueira, Luigy Lira"]
[Black "Nobre, Jailson Altair Barb"]
[Result "1-0"]
[WhiteElo "1969"]
[BlackElo "1660"]
[PlyCount "69"]
[EventDate "2022.09.01"]
[EventRounds "9"]
[EventCountry "BRA"]

1. e4 c5 2. Nf3 e6 3. d4 cxd4 4. Nxd4 a6 5. Bd3 Nf6 6. O-O Qc7 7. Qe2 d6 8. c4
Be7 9. Nc3 Nc6 10. Nxc6 bxc6 11. f4 e5 12. f5 O-O 13. Be3 Bb7 14. Rac1 Rfe8 15.
g4 Nd7 16. g5 g6 17. Qf3 Nc5 18. Bb1 Bf8 19. b4 Nd7 20. h4 Nb6 21. Bd3 a5 22.
bxa5 Rxa5 23. Rf2 Ra3 24. fxg6 fxg6 25. Bxb6 Qxb6 26. Qf7+ Kh8 27. Qxe8 Ra8 28.
Qf7 Qe3 29. Ne2 Ba6 30. Rcf1 d5 31. Qf3 Bc5 32. Kg2 dxe4 33. Bxe4 Qd2 34. Bxc6
Rc8 35. Qf6+ 1-0

[Event "Aberto Brasil - II Niterói Chess Open "]
[Site "Salão de Convenções do Hot"]
[Date "2022.09.02"]
[Round "3.49"]
[White "Rabello, Gabriel Urubatan Fr"]
[Black "Tamarozi, Isabelle"]
[Result "0-1"]
[WhiteElo "1703"]
[BlackElo "1965"]
[PlyCount "74"]
[EventDate "2022.09.01"]
[EventRounds "9"]
[EventCountry "BRA"]

1. e4 c5 2. Nf3 Nc6 3. d4 cxd4 4. Nxd4 g6 5. c4 Nf6 6. Nc3 d6 7. Be2 Nxd4 8.
Qxd4 Bg7 9. Qd3 O-O 10. O-O a5 11. h3 a4 12. f4 Qa5 13. Bd2 Nd7 14. Nd5 Qd8 15.
Bc3 Nc5 16. Qc2 Bxc3 17. Nxc3 Bd7 18. f5 Bc6 19. Nd5 Bxd5 20. exd5 Nd7 21. Qd2
Qb6+ 22. Kh2 Kg7 23. Rf4 f6 24. Rh4 g5 25. Re4 Ne5 26. Re1 Rfc8 27. h4 h6 28.
Bh5 Rc5 29. hxg5 hxg5 30. Kh3 Rh8 31. g4 Qc7 32. Qe2 Rc8 33. b3 axb3 34. axb3
b5 35. Rc1 Rxd5 36. cxd5 Qxc1 37. Qxb5 Qh1+ 0-1

[Event "Aberto Brasil - II Niterói Chess Open "]
[Site "Salão de Convenções do Hot"]
[Date "2022.09.02"]
[Round "3.50"]
[White "Silverio, Vitor Luis De Jesus"]
[Black "Silva, Luiz Renato Marini"]
[Result "0-1"]
[WhiteElo "1689"]
[BlackElo "1965"]
[PlyCount "102"]
[EventDate "2022.09.01"]
[EventRounds "9"]
[EventCountry "BRA"]

1. d4 e6 2. e4 c5 3. Nf3 cxd4 4. Nxd4 Nf6 5. Nc3 Bb4 6. Bd3 Nc6 7. Nb3 d5 8.
exd5 exd5 9. O-O O-O 10. a3 Be7 11. h3 Be6 12. Be3 g6 13. Nd4 Nxd4 14. Bxd4 Ne8
15. Be2 Nd6 16. Bf3 Nf5 17. Be5 Bf6 18. Bxf6 Qxf6 19. Bxd5 Rad8 20. Qf3 Bxd5
21. Nxd5 Qxb2 22. Rfb1 Qe5 23. Ne3 Nd4 24. Qxb7 Rb8 25. Qa6 Rbc8 26. Ra2 Rc6
27. Qf1 Rfc8 28. c4 f5 29. Rb7 Re8 30. Rxa7 h5 31. Rb7 f4 32. Nd5 f3 33. g3
Ne2+ 34. Kh2 h4 35. Nf4 Nxf4 36. gxf4 Qxf4+ 37. Kh1 Qg5 38. Ra1 Rce6 39. Rbb1
Re2 40. a4 Qc5 41. Re1 Qxc4 42. Rxe2 fxe2 43. Qg1 Qe4+ 44. Kh2 Qe5+ 45. Kh1
Qxa1 46. Qxa1 e1=Q+ 47. Qxe1 Rxe1+ 48. Kg2 Ra1 49. f4 Rxa4 50. Kf3 Kg7 51. Kg4
Kf6 0-1

[Event "Aberto Brasil - II Niterói Chess Open "]
[Site "Salão de Convenções do Hot"]
[Date "2022.09.02"]
[Round "3.51"]
[White "De Albuquerque, Ian Telek C."]
[Black "Campos, Otavio Moraes"]
[Result "1-0"]
[WhiteElo "1958"]
[BlackElo "1636"]
[PlyCount "59"]
[EventDate "2022.09.01"]
[EventRounds "9"]
[EventCountry "BRA"]

1. d4 Nf6 2. c4 d6 3. Nc3 g6 4. e4 Bg7 5. f4 O-O 6. Nf3 b6 7. Bd3 Bb7 8. O-O
Nbd7 9. e5 dxe5 10. fxe5 Ng4 11. h3 Nh6 12. Bf4 e6 13. Qd2 Nf5 14. Be4 Bxe4 15.
Nxe4 Qc8 16. Rae1 Rd8 17. Bg5 Rf8 18. g4 h6 19. Bf6 g5 20. gxf5 exf5 21. Bxg7
Kxg7 22. Ng3 f4 23. Nf5+ Kh7 24. Qd3 Kh8 25. Nxh6 Nc5 26. dxc5 Qxh3 27. Re2 g4
28. Rh2 Qg3+ 29. Rg2 Qh3 30. Nxg4 1-0

[Event "Aberto Brasil - II Niterói Chess Open "]
[Site "Salão de Convenções do Hot"]
[Date "2022.09.02"]
[Round "3.52"]
[White "Segato, Pedro Henrique Pedr"]
[Black "Brambilla, Renee Blandy T."]
[Result "1/2-1/2"]
[WhiteElo "1947"]
[BlackElo "1616"]
[PlyCount "121"]
[EventDate "2022.09.01"]
[EventRounds "9"]
[EventCountry "BRA"]

1. d4 Nf6 2. Bf4 d5 3. e3 c5 4. Nd2 Nc6 5. c3 e6 6. Bd3 Bd7 7. Ngf3 Be7 8. h3
Rc8 9. O-O O-O 10. Ne5 Be8 11. Qb1 h6 12. Qd1 Nxe5 13. dxe5 Nh7 14. Qc2 f5 15.
Rad1 Ng5 16. f3 c4 17. Be2 Qb6 18. Kh1 Bg6 19. Rfe1 Bh7 20. b3 cxb3 21. axb3 d4
22. Nc4 Qc7 23. exd4 b5 24. Nd2 Qb6 25. Qd3 a6 26. c4 Rfd8 27. d5 exd5 28. cxd5
Bc5 29. Nf1 Ne6 30. Be3 f4 31. Bxc5 Qxc5 32. Qd2 Nc7 33. d6 Ne6 34. Bd3 Bxd3
35. Qxd3 Qc3 36. Qf5 Nd4 37. Qxf4 Ne6 38. Qe3 Qc2 39. Rd2 Qg6 40. Qd3 Qg5 41.
Qd5 Kf7 42. Ra2 Rc5 43. Qd2 Rxe5 44. Qxg5 Rxg5 45. Rxa6 Nf4 46. Ra2 Rxd6 47.
Nd2 Rxg2 48. Ra7+ Kg6 49. Ne4 Rd3 50. Rc1 Rxf3 51. Rc6+ Kf5 52. Rf7+ Kxe4 53.
Rxf4+ Kxf4 54. Kxg2 Rxb3 55. Rg6 Rb2+ 56. Kg1 Rc2 57. Rxg7 b4 58. Rg4+ Kf3 59.
Rxb4 Rc1+ 60. Kh2 Rc2+ 61. Kg1 1/2-1/2

[Event "Aberto Brasil - II Niterói Chess Open "]
[Site "Salão de Convenções do Hot"]
[Date "2022.09.02"]
[Round "3.53"]
[White "Carvalho Jr, Celestino"]
[Black "De Oliveira, Sergio Patricio"]
[Result "1/2-1/2"]
[WhiteElo "1938"]
[BlackElo "1605"]
[PlyCount "132"]
[EventDate "2022.09.01"]
[EventRounds "9"]
[EventCountry "BRA"]

1. Nf3 Nf6 2. g3 g6 3. Bg2 Bg7 4. O-O O-O 5. d3 d6 6. e4 e5 7. Nbd2 Nc6 8. Nc4
Be6 9. Ne3 Ng4 10. c4 Qd7 11. Nd5 f5 12. Ng5 Bxd5 13. cxd5 Nd8 14. Bd2 Nh6 15.
Rc1 Rc8 16. Rc3 c5 17. Qc1 Nhf7 18. Ra3 Nxg5 19. Bxg5 fxe4 20. Bxe4 b6 21. Bxd8
Rcxd8 22. Qd2 a5 23. Kg2 Rf7 24. h3 Rdf8 25. Rb3 Qd8 26. Rb5 Kh8 27. a4 Bf6 28.
Qe2 Qc7 29. Bf3 Bd8 30. Bg4 Rf6 31. Be6 Qb7 32. Kg1 Qg7 33. Rb3 Qh6 34. Kg2 Qg5
35. Rc3 h5 36. Rc4 Qh6 37. h4 Qg7 38. Re4 Qh6 39. b3 Kg7 40. Qe3 Kh7 41. f4
exf4 42. gxf4 Qg7 43. Rf3 Kh8 44. Rg3 Re8 45. Qe2 Qh6 46. Qb2 Ref8 47. Rg5 Kh7
48. Qd2 Rxf4 49. Rxf4 Bxg5 50. hxg5 Qxg5+ 51. Kf3 Kh6 52. Qh2 Qe5 53. Qg3 Rxf4+
54. Qxf4+ Qxf4+ 55. Kxf4 g5+ 56. Kf5 h4 57. Ke4 Kh5 58. Kf3 Kg6 59. Bg4 Kf6 60.
Ke4 Kg6 61. d4 Kf6 62. dxc5 bxc5 63. Bf5 Ke7 64. Bc8 Kf6 65. Bd7 Kg6 66. Bg4
Kf6 1/2-1/2

[Event "Aberto Brasil - II Niterói Chess Open "]
[Site "Salão de Convenções do Hot"]
[Date "2022.09.02"]
[Round "3.54"]
[White "Vaz, Osvaldo Jose"]
[Black "Silva, Marcelo Dos Santos"]
[Result "0-1"]
[WhiteElo "1645"]
[BlackElo "1921"]
[PlyCount "64"]
[EventDate "2022.09.01"]
[EventRounds "9"]
[EventCountry "BRA"]

1. e4 c5 2. c3 Nf6 3. e5 Nd5 4. d4 cxd4 5. cxd4 d6 6. Nf3 g6 7. Bc4 Nb6 8. Bb5+
Bd7 9. Bxd7+ Qxd7 10. O-O Bg7 11. Qe2 O-O 12. Nc3 Nc6 13. Bf4 d5 14. Rfe1 a6
15. a3 Rac8 16. Rad1 e6 17. h4 h5 18. Bg5 Ne7 19. Nh2 Nf5 20. g4 hxg4 21. Nxg4
Rc4 22. h5 Rxd4 23. Kg2 Rxd1 24. Rxd1 Qc6 25. h6 d4+ 26. Ne4 Ne3+ 27. Kf3 Nxg4
28. Kxg4 Bxe5 29. h7+ Kh8 30. Nf6 Qg2+ 31. Kh4 Bg3+ 32. Kg4 Bxf2+ 0-1

[Event "Aberto Brasil - II Niterói Chess Open "]
[Site "Salão de Convenções do Hot"]
[Date "2022.09.02"]
[Round "3.55"]
[White "Pereira, Armando Scharlau"]
[Black "Dos Santos, Gilvan Nobrega"]
[Result "1/2-1/2"]
[WhiteElo "1604"]
[BlackElo "1914"]
[PlyCount "78"]
[EventDate "2022.09.01"]
[EventRounds "9"]
[EventCountry "BRA"]

1. c4 e5 2. Nc3 f5 3. g3 Nf6 4. d3 c6 5. Bg5 Bc5 6. e3 h6 7. Bxf6 Qxf6 8. Bg2
O-O 9. Nge2 d6 10. a3 Bb6 11. O-O Be6 12. Na4 Bd8 13. Rc1 Nd7 14. d4 e4 15. Nf4
Bf7 16. f3 g5 17. Ne2 exf3 18. Bxf3 Qe6 19. Qd2 Re8 20. d5 cxd5 21. Bxd5 Qe7
22. Rxf5 Be6 23. Rcf1 Nb6 24. Nxb6 Bxb6 25. Nc3 Bxd5 26. Nxd5 Bxe3+ 27. Qxe3
Qxe3+ 28. Nxe3 Rxe3 29. Rf6 Rc8 30. Rxh6 Kg7 31. Rxd6 Rb3 32. Rf2 Rxc4 33. Kg2
g4 34. h4 gxh3+ 35. Kxh3 Re4 36. Rg2 Re5 37. Kh2 Rh5+ 38. Kg1 Rhb5 39. Rdd2 Kg6
1/2-1/2

[Event "Aberto Brasil - II Niterói Chess Open "]
[Site "Salão de Convenções do Hot"]
[Date "2022.09.02"]
[Round "3.56"]
[White "De Souza, Jose Alberto Martim"]
[Black "Baptista, Andre Kemper"]
[Result "0-1"]
[WhiteElo "1548"]
[BlackElo "1900"]
[PlyCount "26"]
[EventDate "2022.09.01"]
[EventRounds "9"]
[EventCountry "BRA"]

1. d4 e5 2. c4 d5 3. cxd5 Qxd5 4. e3 exd4 5. exd4 Nc6 6. Nf3 Bg4 7. Be2 O-O-O
8. Be3 Nf6 9. O-O Bd6 10. Nbd2 Nd7 11. a3 Nb6 12. Bd3 Qh5 13. Be4 Bxh2+ 0-1

[Event "Aberto Brasil - II Niterói Chess Open "]
[Site "Salão de Convenções do Hot"]
[Date "2022.09.02"]
[Round "3.57"]
[White "Barberi, Catarina"]
[Black "De Souza, Felipe Guimaraes"]
[Result "0-1"]
[WhiteElo "1304"]
[BlackElo "1893"]
[PlyCount "62"]
[EventDate "2022.09.01"]
[EventRounds "9"]
[EventCountry "BRA"]

1. d4 Nf6 2. Nf3 e6 3. c4 b6 4. g3 Ba6 5. Qc2 c6 6. Bg2 d5 7. Nbd2 Be7 8. O-O
O-O 9. Re1 Nbd7 10. b3 c5 11. cxd5 Nxd5 12. Bb2 Rc8 13. Qb1 cxd4 14. Nxd4 Bb4
15. Bxd5 exd5 16. Rd1 Re8 17. e3 Ne5 18. a3 Bd3 19. Qa2 Bxd2 20. Rxd2 Be4 21.
f4 Nd3 22. Ne2 Qd7 23. Bd4 Re6 24. Nc3 Rec6 25. Nxe4 dxe4 26. Rad1 Qg4 27. Rf1
Rc1 28. Kg2 Rxf1 29. Kxf1 Qf3+ 30. Kg1 Rc1+ 31. Rd1 Rxd1# 0-1

[Event "Aberto Brasil - II Niterói Chess Open "]
[Site "Salão de Convenções do Hot"]
[Date "2022.09.02"]
[Round "3.58"]
[White "Jorge, Denrick Cabral Jose"]
[Black "Rovedo, Salomao"]
[Result "1-0"]
[WhiteElo "1892"]
[BlackElo "1592"]
[PlyCount "39"]
[EventDate "2022.09.01"]
[EventRounds "9"]
[EventCountry "BRA"]

1. e4 c5 2. Nc3 Nc6 3. g3 d6 4. d3 Nf6 5. h3 e6 6. Bg2 Be7 7. Nge2 a6 8. f4 Nd4
9. Be3 Nxe2 10. Qxe2 Rb8 11. O-O g6 12. f5 e5 13. g4 b5 14. Qf2 Bb7 15. fxg6
hxg6 16. Bg5 Ng8 17. Qxf7+ Kd7 18. Qg7 Rc8 19. Qxh8 Bxg5 20. Qg7+ 1-0

[Event "Aberto Brasil - II Niterói Chess Open "]
[Site "Salão de Convenções do Hot"]
[Date "2022.09.02"]
[Round "3.59"]
[White "Silva, Juliana Figueira Th"]
[Black "Da Costa, Loyson Rodrigues"]
[Result "0-1"]
[WhiteElo "1296"]
[BlackElo "1891"]
[PlyCount "104"]
[EventDate "2022.09.01"]
[EventRounds "9"]
[EventCountry "BRA"]

1. Nf3 d5 2. g3 Nf6 3. Bg2 c5 4. d3 Nc6 5. O-O e5 6. Nfd2 Be6 7. e4 d4 8. f4 g6
9. Nc4 Bxc4 10. dxc4 Bg7 11. Nd2 O-O 12. Qe2 Nd7 13. Nf3 Qc7 14. Bd2 Rae8 15.
Qf2 f5 16. Nh4 Bf6 17. exf5 Bxh4 18. gxh4 Rxf5 19. Be4 Rf6 20. Bd5+ Kh8 21. Qg3
e4 22. c3 e3 23. Rae1 Ref8 24. Bc1 Rxf4 25. Bxc6 bxc6 26. b4 Rxf1+ 27. Rxf1
Qxg3+ 28. hxg3 Re8 29. cxd4 cxd4 30. Bb2 Re4 31. Re1 Kg8 32. Bc1 Ne5 33. Kg2 e2
34. b5 cxb5 35. c5 d3 36. Kf2 Kf7 37. Bf4 Ke6 38. Rc1 Rc4 39. Re1 Rxc5 40. Be3
Ng4+ 41. Kf3 Nxe3 42. Kxe3 Rd5 43. Kd2 Ke5 44. Rb1 a5 45. a3 Ke4 46. Rb3 Kf3
47. Rb1 Kf2 48. Rh1 Re5 49. Re1 Re3 50. g4 Rg3 51. Rh1 Rg1 52. Rh2+ Kg3 0-1

[Event "Aberto Brasil - II Niterói Chess Open "]
[Site "Salão de Convenções do Hot"]
[Date "2022.09.02"]
[Round "3.60"]
[White "Dos Santos, Fabricio Ferreira"]
[Black "Silva, Joao Paulo Gomes"]
[Result "1-0"]
[WhiteElo "1882"]
[BlackElo "1587"]
[PlyCount "53"]
[EventDate "2022.09.01"]
[EventRounds "9"]
[EventCountry "BRA"]

1. d4 d5 2. c4 e6 3. Nf3 Nf6 4. g3 b6 5. cxd5 Nxd5 6. e4 Nf6 7. Nc3 Bb7 8. Bg5
Be7 9. Bxf6 Bxf6 10. Bg2 O-O 11. O-O Nc6 12. e5 Be7 13. a3 Rb8 14. Qd3 h6 15.
Rad1 Qc8 16. Ne4 Ba6 17. Qe3 Bxf1 18. Kxf1 Qd8 19. Qd3 Qe8 20. Nf6+ Bxf6 21.
exf6 Qd8 22. fxg7 Kxg7 23. Qe4 f5 24. Qxc6 Qd5 25. Qxc7+ Kg8 26. Qf4 Rb7 27.
Ne5 1-0

[Event "Aberto Brasil - II Niterói Chess Open "]
[Site "Salão de Convenções do Hot"]
[Date "2022.09.02"]
[Round "3.61"]
[White "Dias, Matheus Braga"]
[Black "Stumpf, Luis Felipe T. Cale"]
[Result "0-1"]
[WhiteElo "1877"]
[BlackElo "1536"]
[PlyCount "82"]
[EventDate "2022.09.01"]
[EventRounds "9"]
[EventCountry "BRA"]

1. e4 c5 2. c4 g6 3. g3 Bg7 4. Bg2 Nc6 5. Ne2 Nf6 6. Nbc3 O-O 7. O-O d6 8. d3
Rb8 9. h3 a6 10. a4 Bd7 11. f4 Qc8 12. Kh2 Nb4 13. Nd5 Nfxd5 14. cxd5 e6 15. f5
exf5 16. Bf4 Qc7 17. Qd2 Rfe8 18. Bh6 Bxh6 19. Qxh6 Nxd3 20. exf5 Bxf5 21. Nc3
Qe7 22. Rxf5 gxf5 23. Rf1 Qf8 24. Qg5+ Qg7 25. Qxf5 Qg6 26. Ne4 Qxf5 27. Rxf5
Rxe4 28. Rg5+ Kf8 29. Bxe4 Nxb2 30. Bxh7 Ke7 31. Bc2 b5 32. Rg4 b4 33. h4 c4
34. h5 b3 35. Bb1 c3 36. Re4+ Kf6 37. Re2 Rc8 38. Rf2+ Kg7 39. h6+ Kxh6 40. Be4
c2 41. Rxf7 c1=Q 0-1

[Event "Aberto Brasil - II Niterói Chess Open "]
[Site "Salão de Convenções do Hot"]
[Date "2022.09.02"]
[Round "3.62"]
[White "Rabello, Lorenzzo Urubatan B"]
[Black "Petrenko, Willy"]
[Result "0-1"]
[WhiteElo "1266"]
[BlackElo "1877"]
[PlyCount "78"]
[EventDate "2022.09.01"]
[EventRounds "9"]
[EventCountry "BRA"]

1. e4 e5 2. Nf3 Nc6 3. Nc3 d6 4. h3 Nf6 5. d3 Be7 6. Be2 h6 7. Bd2 Be6 8. a3 a6
9. Rb1 b5 10. b4 O-O 11. O-O Nh7 12. Qc1 f5 13. Nh2 f4 14. Bg4 Bxg4 15. Nxg4 h5
16. Nh2 Nd4 17. Qd1 Nf6 18. Nf3 Nxf3+ 19. Qxf3 g6 20. Nd5 c6 21. Nxe7+ Qxe7 22.
Rfe1 g5 23. g3 g4 24. hxg4 hxg4 25. Qh1 f3 26. Qh4 Qh7 27. Bh6 Rf7 28. c3 Qg6
29. Qg5 Kh7 30. Rec1 Qxh6 31. Qxh6+ Kxh6 32. Kf1 d5 33. exd5 cxd5 34. Ke1 e4
35. Rd1 Re8 36. Kd2 exd3 37. Kxd3 Rfe7 38. Kd4 Re4+ 39. Kc5 Rc8+ 0-1

[Event "Aberto Brasil - II Niterói Chess Open "]
[Site "Salão de Convenções do Hot"]
[Date "2022.09.02"]
[Round "3.63"]
[White "Fernandes, Gabriel Bourdon"]
[Black "Martins de Aguiar, Marina"]
[Result "0-1"]
[WhiteElo "1201"]
[BlackElo "1873"]
[PlyCount "96"]
[EventDate "2022.09.01"]
[EventRounds "9"]
[EventCountry "BRA"]

1. c4 Nf6 2. g3 g6 3. Bg2 Bg7 4. Nf3 O-O 5. O-O d6 6. d4 Nbd7 7. Nc3 c5 8. d5
a6 9. a4 b6 10. e4 Rb8 11. Bf4 Ne8 12. Qd2 Nc7 13. Bh6 b5 14. b3 bxc4 15. Bxg7
Kxg7 16. bxc4 Rb4 17. Qe2 Nb6 18. Nd2 Bd7 19. a5 Na4 20. Nxa4 Bxa4 21. Rfb1 Qb8
22. e5 Bc2 23. Rc1 Rb2 24. exd6 exd6 25. Ne4 Bxe4 26. Qxe4 Re8 27. Qd3 Ree2 28.
Qc3+ Kg8 29. Rf1 Ne8 30. Rae1 Ng7 31. Rxe2 Rxe2 32. Re1 Rxe1+ 33. Qxe1 Nf5 34.
Be4 Nd4 35. h4 h5 36. Qe3 Kg7 37. Qg5 Qc7 38. g4 Qxa5 39. Kg2 Qe1 40. Bf5 Nxf5
41. gxf5 Qe4+ 42. f3 Qxf5 43. Qd8 Qf4 44. Qb6 a5 45. Qb2+ Qf6 46. Qb6 a4 47.
Qa5 Qb2+ 48. Kg3 a3 0-1

[Event "Aberto Brasil - II Niterói Chess Open "]
[Site "Salão de Convenções do Hot"]
[Date "2022.09.02"]
[Round "3.64"]
[White "Silva, Ezequiel Demetras"]
[Black "Chaves, Jorge Antonio Torre"]
[Result "1-0"]
[WhiteElo "1807"]
[BlackElo "1865"]
[PlyCount "89"]
[EventDate "2022.09.01"]
[EventRounds "9"]
[EventCountry "BRA"]

1. e4 d6 2. d4 Nf6 3. Nc3 e5 4. dxe5 dxe5 5. Qxd8+ Kxd8 6. Nf3 Nfd7 7. Ng5 Ke8
8. Bc4 Bb4 9. Nxf7 Rf8 10. Ng5 Nf6 11. f3 Ke7 12. Bd2 h6 13. Nh3 Bxh3 14. gxh3
a5 15. a3 Bxc3 16. Bxc3 Nbd7 17. O-O-O Nb6 18. Ba2 Nfd7 19. Rhg1 g5 20. Rg3 Na4
21. Bd2 Nac5 22. h4 Ne6 23. hxg5 Nf4 24. Bxf4 exf4 25. Rg4 Ne5 26. Rh4 Nxf3 27.
Rxh6 Rh8 28. Re6+ Kf8 29. Rf6+ Ke8 30. Rxf4 Nxg5 31. Rf5 Nh3 32. Re5+ Kf8 33.
Rf1+ Kg7 34. Rf7+ Kg6 35. Rxc7 Rhf8 36. Rxb7 Rf1+ 37. Kd2 Rd8+ 38. Ke2 Rf2+ 39.
Ke3 Rf6 40. Re6 Rdf8 41. Rbb6 Rxe6 42. Bxe6 Ng5 43. Bf5+ Kh5 44. Rc6 a4 45. Rc8
1-0

[Event "Aberto Brasil - II Niterói Chess Open "]
[Site "Salão de Convenções do Hot"]
[Date "2022.09.02"]
[Round "3.65"]
[White "Veiga da Silva, Paulo Roberto Costa"]
[Black "Dos Santos, Thiago Lopes Verbic"]
[Result "1/2-1/2"]
[WhiteElo "1800"]
[BlackElo "1865"]
[PlyCount "121"]
[EventDate "2022.09.01"]
[EventRounds "9"]
[EventCountry "BRA"]

1. e4 c5 2. Nf3 g6 3. d4 cxd4 4. Nxd4 Bg7 5. Nc3 Nc6 6. Be3 Nf6 7. Nxc6 bxc6 8.
e5 Ng8 9. Bd4 Nh6 10. e6 O-O 11. Bxg7 Kxg7 12. exd7 Qxd7 13. Qxd7 Bxd7 14. g3
Bf5 15. O-O-O Ng4 16. Rd2 Rfd8 17. f3 Rxd2 18. Kxd2 Rd8+ 19. Kc1 Ne3 20. Ba6
Nxc2 21. g4 Nb4 22. Be2 Be6 23. a3 Nd3+ 24. Bxd3 Rxd3 25. Rf1 Bd5 26. Nxd5 Rxd5
27. Kc2 Kf6 28. Re1 e5 29. Re4 Rc5+ 30. Kd3 Kg5 31. b4 Rd5+ 32. Ke3 a5 33. Rc4
axb4 34. axb4 Rb5 35. Rxc6 Rxb4 36. Rc7 Rf4 37. Re7 Kf6 38. Ra7 h5 39. gxh5
gxh5 40. Ra2 Kg5 41. Rg2+ Kh4 42. Rg3 f5 43. Rg8 Kh3 44. Re8 Kxh2 45. Rxe5 Kg3
46. Re8 Rxf3+ 47. Ke2 Rf2+ 48. Ke1 Rf4 49. Rg8+ Kh2 50. Rg5 h4 51. Ke2 h3 52.
Ke3 Re4+ 53. Kf3 Re5 54. Rg8 Kh1 55. Ra8 Re1 56. Kf2 Rb1 57. Ra5 h2 58. Rxf5
Rb2+ 59. Kf1 Rg2 60. Rf8 Rg7 61. Rf6 1/2-1/2

[Event "Aberto Brasil - II Niterói Chess Open "]
[Site "Salão de Convenções do Hot"]
[Date "2022.09.02"]
[Round "3.66"]
[White "Bastos, Gabriel Andrade"]
[Black "Pavao, Alice Lara Biasi"]
[Result "1-0"]
[WhiteElo "1857"]
[BlackElo "1366"]
[PlyCount "47"]
[EventDate "2022.09.01"]
[EventRounds "9"]
[EventCountry "BRA"]

1. d4 Nf6 2. c4 g6 3. Nc3 Bg7 4. Nf3 O-O 5. g3 d6 6. Bg2 Nbd7 7. O-O c5 8. e4
a6 9. b3 Rb8 10. a4 Ne8 11. Be3 Nc7 12. Qe2 b6 13. Rac1 Na8 14. e5 Qe8 15. Bf4
dxe5 16. Nd5 Qd8 17. dxe5 e6 18. Nf6+ Kh8 19. Ng5 h6 20. Ngh7 Re8 21. Nxe8 Qxe8
22. Nf6 Nxf6 23. exf6 Bxf6 24. Bxb8 1-0

[Event "Aberto Brasil - II Niterói Chess Open "]
[Site "Salão de Convenções do Hot"]
[Date "2022.09.02"]
[Round "3.67"]
[White "Manoel, Gustavo Da Silva Me"]
[Black "Rodrigues, Nei Jorge"]
[Result "0-1"]
[WhiteElo "1798"]
[BlackElo "1850"]
[PlyCount "70"]
[EventDate "2022.09.01"]
[EventRounds "9"]
[EventCountry "BRA"]

1. c4 Nf6 2. g3 g6 3. Bg2 Bg7 4. Nc3 O-O 5. e3 e5 6. Nge2 d6 7. O-O c6 8. b3
Re8 9. Qc2 Bf5 10. e4 Bg4 11. h3 Be6 12. d4 a6 13. Rd1 Qc7 14. Ba3 Bf8 15. dxe5
dxe5 16. Bxf8 Kxf8 17. c5 Nbd7 18. Na4 Rad8 19. Rac1 Kg7 20. Kh2 Nf8 21. Nb6
N6d7 22. Na4 Nf6 23. Nb6 Rxd1 24. Rxd1 Rd8 25. Nc4 Bxc4 26. bxc4 Ne6 27. Rxd8
Qxd8 28. Qb2 Qc7 29. Ng1 Nxc5 30. Nf3 Nfd7 31. Nd2 f6 32. h4 Nd3 33. Qa3 N7c5
34. Bf1 Qd7 35. Bh3 Qd4 0-1

[Event "Aberto Brasil - II Niterói Chess Open "]
[Site "Salão de Convenções do Hot"]
[Date "2022.09.02"]
[Round "3.76"]
[White "De Freitas, Isabella Ribeiro Co"]
[Black "Pereira, Rodrigo Ferreira"]
[Result "1/2-1/2"]
[WhiteElo "1888"]
[BlackElo "1568"]
[PlyCount "110"]
[EventDate "2022.09.01"]
[EventRounds "9"]
[EventCountry "BRA"]

1. e4 c5 2. Nf3 d6 3. Nc3 Nc6 4. d4 cxd4 5. Nxd4 a6 6. Be3 e5 7. Nb3 Nf6 8. f3
Be6 9. Qd2 Be7 10. O-O-O O-O 11. g4 a5 12. Bb5 Na7 13. a4 Nc6 14. Qf2 Nd7 15.
h4 Nb4 16. Kb1 Rc8 17. Rd2 b6 18. Bxd7 Qxd7 19. Bxb6 Nxc2 20. Nc5 Rxc5 21. Bxc5
Qb7 22. Rxc2 dxc5 23. Rd2 Bb3 24. Qe2 c4 25. Rd5 Bb4 26. Rb5 Qd7 27. Qe3 Bxa4
28. Rd5 Qc6 29. Nxa4 Qxa4 30. Qe2 Qb3 31. Qd1 Qe3 32. Rd8 g6 33. Rxf8+ Kxf8 34.
h5 Qd3+ 35. Ka2 g5 36. Qxd3 cxd3 37. Kb3 Ke7 38. Kc4 d2 39. Kd5 f6 40. Kc4 Kd6
41. Ra1 Kc6 42. Rd1 h6 43. Ra1 Kd6 44. Kd3 Kc5 45. Rb1 Kb5 46. Ra1 Kc5 47. b3
Kb5 48. Ke2 Kc5 49. Kd3 Kb5 50. Ke2 Kc5 51. Ra2 Bc3 52. Ra4 Bb4 53. Ra2 Bc3 54.
Ra4 Bb4 55. Ra2 Bc3 1/2-1/2

[Event "Aberto Brasil - II Niterói Chess Open "]
[Site "Salão de Convenções do Hot"]
[Date "2022.09.02"]
[Round "3.77"]
[White "Souza, Ramon Santana De"]
[Black "Marocco, Gabriel Leao Quadro"]
[Result "1-0"]
[WhiteElo "1876"]
[BlackElo "1482"]
[PlyCount "56"]
[EventDate "2022.09.01"]
[EventRounds "9"]
[EventCountry "BRA"]

1. e4 c5 2. Nc3 d6 3. d4 cxd4 4. Qxd4 Nc6 5. Qd2 Nf6 6. b3 a6 7. Bb2 e6 8.
O-O-O b5 9. f3 Bb7 10. Nge2 Qb6 11. Kb1 a5 12. a4 bxa4 13. Nxa4 Qc7 14. Nf4 Be7
15. g4 e5 16. Nd5 Nxd5 17. exd5 Nb8 18. Bb5+ Nd7 19. Bxe5 dxe5 20. d6 Bxd6 21.
Qxd6 Qxd6 22. Rxd6 O-O-O 23. Bxd7+ Rxd7 24. Nb6+ Kc7 25. Rxd7+ Kxb6 26. Rxf7 h5
27. Re1 hxg4 28. fxg4 e4 1-0

[Event "Aberto Brasil - II Niterói Chess Open "]
[Site "Salão de Convenções do Hot"]
[Date "2022.09.02"]
[Round "3.79"]
[White "Marcondes, Igor Dalcol"]
[Black "Pessoa, Vitor Henrique Leop"]
[Result "1-0"]
[WhiteElo "1783"]
[BlackElo "1250"]
[PlyCount "81"]
[EventDate "2022.09.01"]
[EventRounds "9"]
[EventCountry "BRA"]

1. e4 e6 2. d4 d5 3. Nd2 Nf6 4. e5 Nfd7 5. Bd3 c5 6. c3 Nc6 7. Ne2 Qb6 8. Nf3
Be7 9. O-O O-O 10. a3 c4 11. Bc2 f6 12. exf6 Nxf6 13. Ng3 Bd7 14. Qe2 Qc7 15.
Bg5 Rae8 16. Ne5 Bd6 17. Rae1 Bc8 18. f4 h6 19. Bh4 Nd7 20. Qg4 Ndxe5 21. fxe5
Rxf1+ 22. Rxf1 Nxe5 23. dxe5 Bc5+ 24. Kh1 Rf8 25. Rxf8+ Kxf8 26. Bg6 b5 27.
Qf4+ Kg8 28. Nh5 Bb7 29. Bf2 Bxf2 30. Qxf2 Ba8 31. Qd4 a5 32. Nf4 Qc6 33. Qa7
Bb7 34. Qxa5 Qd7 35. Nxe6 Bc6 36. Qd8+ Qxd8 37. Nxd8 Ba8 38. Ne6 Bb7 39. Nd4
Ba6 40. e6 Kf8 41. Nc6 1-0

[Event "Aberto Brasil - II Niterói Chess Open "]
[Site "Salão de Convenções do Hot"]
[Date "2022.09.02"]
[Round "3.80"]
[White "De Carvalho, Amauri"]
[Black "Nunes, Agatha Hurba"]
[Result "0-1"]
[WhiteElo "1204"]
[BlackElo "1777"]
[PlyCount "96"]
[EventDate "2022.09.01"]
[EventRounds "9"]
[EventCountry "BRA"]

1. Nf3 d5 2. g3 Nf6 3. Bg2 e6 4. O-O c5 5. d3 Be7 6. Nbd2 O-O 7. b3 b6 8. Bb2
Bb7 9. Ne5 Qc7 10. f4 d4 11. Bxb7 Qxb7 12. Ndf3 Nd5 13. Bc1 Nc6 14. Nxc6 Qxc6
15. Bd2 Bd6 16. a4 Rae8 17. Rc1 f6 18. c4 dxc3 19. Rxc3 Nxc3 20. Bxc3 a6 21. e4
e5 22. f5 b5 23. Nd2 Rd8 24. Qc2 Rd7 25. Nb1 Rc8 26. Be1 c4 27. dxc4 bxa4 28.
bxa4 Qxc4 29. Qxc4+ Rxc4 30. Nc3 Bb4 31. Rf3 Bxc3 32. Rxc3 Rxc3 33. Bxc3 Rd3
34. Be1 Rd4 35. a5 Rxe4 36. Kf2 Kf7 37. Bd2 Ke7 38. Kf3 Ra4 39. h3 Kd6 40. g4
Kc6 41. h4 h5 42. g5 Rxh4 43. gxf6 gxf6 44. Bh6 Kb5 45. Bg7 Rf4+ 46. Ke3 Rxf5
47. Ke4 Rf1 48. Kd5 h4 0-1